000 nam a22 a 4500
999 _c163622
_d163622
003 BLK
005 20230405030316.0
008 180410b bul|||||r ||||||| ||bul||
010 _aKNG00171075000
040 _aBLK
041 _aBUL
_cBUL
080 _aБългарска литература
_b821.163.2
_x-34
_z821.163.2-34
100 1 _aПопова-Мутафова, Фани Добрева
_d1902-1977
_gписател
_eпърви автор
_9366640
139 _aПопова-Мутафова, Фани Добрева
_bП 76
245 1 0 _aСедмият грях
_bЛегенди
_cФани Добрева Попова-Мутафова; худож. Димитър Бакалов.
257 _aBGR
260 _bОтечество
_c1981
_fВраца : В. Александров
_aСофия
300 _a335 с.
_bс ил., портр.
_c21 см
380 _aX
700 1 _aБакалов, Димитър
_eхудож.
_9377375
852 _aЦб 108646
856 4 _qpdf
_i0.00
_ldisable
856 4 _qpdf
_i0.00
_ldisable
942 _cKNG
_n0
_01
_s1
944 _aCR
_c11.02.2015
_l11.02.2015 - от С1,Р / 11.02.2015
_kКамелия_Данева
944 _aED
_c16.09.2017
_l11.02.2015 - от С1,Р / 11.02.2015
_kНаталия_Любомирова
999 _d163622